00593 a2200181 450000100060000002000150000604000260002110000220004724000280006924500230009730000070012036200090012765000310013694200070016795201100017495201100028499900170039449743 a8576350971 cAnchieta - Bela Vista aLeemans, Philippe10aA porta misteriosalpor10aA porta misteriosa a470 a2005 4aLiteratura infanto-juvenil cBK 00104070a91.4b91.4d2023-11-21l0o028.5 L485p LEE PORp2814/BELr2023-11-21 17:41:33w2023-11-21yBK 00104070a91.4b91.4d2023-11-21l0o028.5 L485p LEE PORp4693/BELr2023-11-21 17:41:33w2023-11-21yBK c49743d49743